000 00363nam a2200133Ia 4500
008 151001s9999||||xx |||||||||||||| ||und||
100 _a कुश्नचंदर
245 _aएक गधा नफा में
250 _a1
260 _bहिंदी पोकेट बुक्स
260 _c1992
300 _a146
365 _b18
999 _c972216
_d972213